000 00355nam a2200145Ia 4500
008 191206s9999 xx 000 0 und d
020 _a0722517319 :
090 _aRC662
245 0 _aDiets to help diabetes
250 _aNew rev. format ed.
260 _aThorsons Pub. Group
260 _cc1988
300 _a64 p. ; 20 cm.
999 _c15818
_d15818